000 01109nam a2200289 a 4500
001 33244
003 BD-RjUL
005 20211209051955.0
008 140430r1971 enk b 001 0 eng d
020 _a0710069413
035 _a0710069413
_a(BD-RjUL) 33335
040 _aDLC
_cDLC
_dBD-RjUL
_beng
041 _aeng
082 _a302
_bBAS 1971
100 1 _aBagley, Christopher
_9100944
245 1 4 _aThe social psychology of the child with epilepsy /
_cBagley, Christopher
_nPart One
_pThe problem, the sample and the study
260 _aLondon :
_bRoutledge & Kegan Paul,
_c1971.
300 _axii, 307 p. ;
_c23 cm
500 _aAmerican ed. (Coral Gables, Fla., University of Miami Press) has title: The social psychology of the epileptic child
504 _aIncludes index and Bibliography: p. 277-296
650 0 _aSocial psychology
_9100945
650 0 _aChild psychology
_9100946
830 0 _aInternational library of sociology and social reconstruction (Routledge & Kegan Paul)
_9100952
942 _2ddc
_cBK
999 _c33244
_d33244